Atomic energy : nuclear safety : agreement between the United States of America and Slovenia, signed at Washington, March 28, 2017, with addenda and annex.

Bibliographic Details
Uniform Title:Arrangement between the United States Nuclear Regulatory Commission and the Slovenian Nuclear Safety Administration for the Exchange of Technical Information and Cooperation in Nuclear Safety Matters
Corporate Authors: Slovenia (participant in treaty.), United States (participant in treaty.)
Format: Government Document eBook
Language:English
Slovenian
Language Notes:Text in English and Slovenian.
Published: [Washington, D.C.] : United States Department of State, [2017?]
Series:Treaties and other international acts series ; 17-1212.1.
Subjects:
Online Access:https://purl.fdlp.gov/GPO/gpo110296
http://purl.fdlp.gov/GPO/gpo110296

MARC

Tag First Indicator Second Indicator Subfields
LEADER 00000cam a2200000 i 4500
001 in00004031713
005 20210514085934.0
006 m o d f
007 cr b|||||a||||
008 181019s2017 dcu oz f000 0 eng c
035 |a (OCoLC)on1057444406 
042 |a pcc 
043 |a n-us---  |a e-xv--- 
040 |a GPO  |b eng  |e rda  |e pn  |c GPO  |d MvI 
041 0 |a eng  |a slv 
049 |a WWW 
074 |a 0899-A-01 (online) 
086 0 |a S 9.10:17-1212.1 
130 0 |a Arrangement between the United States Nuclear Regulatory Commission and the Slovenian Nuclear Safety Administration for the Exchange of Technical Information and Cooperation in Nuclear Safety Matters  |d (2017 March 28) 
245 1 0 |a Atomic energy :  |b nuclear safety : agreement between the United States of America and Slovenia, signed at Washington, March 28, 2017, with addenda and annex. 
246 3 0 |a Agreement between the United States of America and Slovenia, signed at Washington, March 28, 2017, with addenda and annex 
264 1 |a [Washington, D.C.] :  |b United States Department of State,  |c [2017?] 
300 |a 1 online resource (31 unnumbered pages). 
336 |a text  |b txt  |2 rdacontent 
337 |a computer  |b c  |2 rdamedia 
338 |a online resource  |b cr  |2 rdacarrier 
490 1 |a Treaties and other international acts series ;  |v 17-1212.1 
588 |a Description based on online resource; title from PDF title screen (U.S. Dept. of State web site, viewed on Oct. 19, 2018). 
546 |a Text in English and Slovenian. 
650 0 |a Nuclear facilities  |z United States  |x Safety measures. 
650 0 |a Nuclear facilities  |z Slovenia  |x Safety measures. 
650 0 |a Communication of technical information  |z United States. 
650 0 |a Communication of technical information  |z Slovenia. 
650 0 |a Nuclear facilities  |x Safety measures  |x International cooperation. 
655 7 |a Treaties.  |2 lcgft 
710 1 |a United States.  |b Department of State,  |e issuing body. 
710 1 |a Slovenia,  |e participant in treaty. 
710 1 |a United States,  |e participant in treaty. 
830 0 |a Treaties and other international acts series ;  |v 17-1212.1. 
856 4 0 |u https://purl.fdlp.gov/GPO/gpo110296  |t 0 
856 4 0 |u http://purl.fdlp.gov/GPO/gpo110296  |t 0 
999 f f |s a0d657a2-867a-32db-acb9-b7e5e98cdef9  |i 7aabbfae-ddda-3faf-a5a4-8510511da2b7  |t 0 
952 f f |a Texas A&M University  |b College Station  |c Electronic Resources  |d Available Online  |t 0  |e S 9.10:17-1212.1  |h Superintendent of Documents classification 
998 f f |a S 9.10:17-1212.1  |t 0  |l Available Online